Nobiliario del valle de la Valdorba, con los escudos de armas de sus palacios y casas nobles, y relación de la conquista de Itza en la Nueva España por el conde de Lizárraga / (Record no. 181636)

MARC details
000 -LEADER
campo de control de longitud fija 01204nam a2200253 i 4500
001 - NÚMERO DE CONTROL
campo de control 181636
003 - IDENTIFICADOR DE NÚMERO DE CONTROL
campo de control ES-MaACL
005 - FECHA Y HORA DE LA ÚLTIMA TRANSACCIÓN
campo de control 20250824085120.0
008 - DATOS DE LONGITUD FIJA--INFORMACIÓN GENERAL
campo de control de longitud fija 130226s1958 sp |||| | spa d
080 ## - NÚMERO DE LA CLASIFICACIÓN DECIMAL UNIVERSAL
Número de la Clasificación Decimal Universal 929.6(460.16 Orba)
080 ## - NÚMERO DE LA CLASIFICACIÓN DECIMAL UNIVERSAL
Número de la Clasificación Decimal Universal 35 Ursúa y Arizmendi, Martín de
100 1# - ENTRADA PRINCIPAL--NOMBRE DE PERSONA
Nombre de persona Elorza y Rada, Francisco de.
9 (RLIN) 152389
245 10 - MENCIÓN DEL TÍTULO
Título Nobiliario del valle de la Valdorba, con los escudos de armas de sus palacios y casas nobles, y relación de la conquista de Itza en la Nueva España por el conde de Lizárraga /
Mención de responsabilidad, etc. por el doctor don Francisco de Elorza y Rada, abad de Barasoaín ; lo publica la Sociedad de Bibliófilos Españoles.
260 ## - PUBLICACIÓN, DISTRIBUCIÓN, ETC.
Lugar de publicación, distribución, etc. Madrid :
Nombre del editor, distribuidor, etc. Sociedad de Bibliófilos Españoles,
Fecha de publicación, distribución, etc. 1958.
300 ## - DESCRIPCIÓN FÍSICA
Extensión 343 p. :
Otras características físicas il. ;
Dimensiones 25 cm.
490 1# - MENCIÓN DE SERIE
Mención de serie Sociedad de Bibliófilos Españoles. Tercera epoca ;
Designación de volumen o secuencia 1
594 ## - Nota al título y mención de responsabilidad
Nota al título y mención de responsabilidad Martín de Ursúa y Arizmendi, conde de Lizárraga
600 14 - PUNTO DE ACCESO ADICIONAL DE MATERIA--NOMBRE DE PERSONA
Nombre de persona Ursúa y Arizmendi, Martín de.
9 (RLIN) 174112
650 #4 - PUNTO DE ACCESO ADICIONAL DE MATERIA--TÉRMINO DE MATERIA
Término de materia o nombre geográfico como elemento de entrada Heráldica-
Subdivisión geográfica Navarra (Reino)
9 (RLIN) 152390
710 2# - ENTRADA AGREGADA--NOMBRE DE ENTIDAD CORPORATIVA
Nombre de entidad corporativa o nombre de jurisdicción como elemento de entrada Sociedad de Bibliófilos Españoles.
9 (RLIN) 6661
830 10 - PUNTO DE ACCESO ADICIONAL DE SERIE-TÍTULO UNIFORME
Título uniforme Sociedad de Bibliófilos Españoles. Tercera época
Designación de volumen o secuencia 1
9 (RLIN) 191518
852 4# - LOCALIZACIÓN
Ubicación ES-MaACL
Número de control de estantería J-7(III-1)
Holdings
Estatus retirado Estado de pérdida Estado de daño No para préstamo Biblioteca de origen Biblioteca actual Ubicación en estantería Fecha de adquisición Fuente de adquisición Total de préstamos Signatura topográfica completa Código de barras Visto por última vez Precio de reemplazo Tipo de ítem Koha
        Biblioteca del Ateneo de Madrid Biblioteca del Ateneo de Madrid Depósito 2 26/02/2013     J-7(III-1) 1190882 23/02/2023 23/02/2023 Libro impreso